000 00532nam a2200181 4500
001 121536
003 ES-MaACL
005 20230906191752.0
007 t|
008 070214s1973 sp r ||||1| spa d
100 1 _aPorquet, Madeleine.
_993140
245 1 4 _aLas técnicas Freinet en el parvulario /
_cMadeleine Porquet ; traducción de Pedro Darnell.
250 _a1ª. ed.
260 _aBarcelona :
_bLaia,
_c1973.
300 _a168 p. ;
_c17 cm.
700 1 _aDarnell, Pedro.
_942741
852 _aES-MaACL
_jC-54611
_bR.87420
999 _c121536
_d121536